Países com as maiores dívidas públicas em 2021 (% PIB) - Statistics

Estatísticas Gerais
  • Esse quiz foi jogado 77 vezes
  • A pontuação média é 7 de 20
Estatísticas das Respostas
# Endividados % PIB % Correto
14 Estados Unidos 128,13
91%
1 Japão 259,43
82%
8 Itália 150,30
80%
19 Canadá 112,85
77%
20 França 112,80
77%
18 Espanha 118,30
69%
3 Grécia 194,50
63%
16 Portugal 125,50
62%
11 Venezuela 133,61
62%
2 Sudão 200,35
26%
5 Singapura 159,87
20%
7 Líbano 150,58
12%
12 Butão 132,42
6%
15 Suriname 125,70
6%
17 Zâmbia 119,14
6%
13 Bahrein 129,73
3%
9 Cabo Verde 145,13
3%
4 Eritréia 179,66
3%
6 Maldivas 154,39
2%
10 Barbados 135,40
0%
Nenhum quiz correspondente encontrado
Distribuição das Pontuações
Porcentagem de Pessoas com Cada Pontuação
Percentil de Números Respondidos
Sua Pontuação Histórica
Você não jogou esse quiz